00926nam a22002657a 45000010005000000030006000050050017000110080041000280200015000690400029000840500014001130820011001271000020001382450120001582500041002782600034003193000045003535050007003985200122004055210018005275210019005456500031005646500024005957000041006198018FISKH20250819091223.0250819b cb ||||| |||| 00| 0 eng d a086313310X aFISKHbengcFISKHdFISKH aTJ163.S77 a333.79 aStrachan, James aEnergy today :bFuture sources /cJames Strachan ; Illustrated by Ron Hayward Associates ; Consultant Stewart Boyle aThis edition first published in 1985 aLondon :bAladdin Book,c1985 a30 pages :bcolor illustrations ;c27 cm aW  aDiscusses the feasibility of future sources of energy such as fuel cells, nuclear fusion, and a solar power station. 8 a850 bLexile 8 aW bRaz-Plus  2Needs coveraInfo techniek 2EnergyaNon-fiction aAssociates, Hayward Rondillustrator